Práva pacientov v etickom a ošetrovateľskom kontexte vedecká monografia

Bibliographic Details
Main Author: Rapčíková, Tatiana, 1963- (Author)
Format: Book
Language:Slovak
PhysicalDescription:95 s. 21 cm
Published: Banská Bystrica Agentúra MP 2013
ISBN:9788097145309
Edition:1. vyd.
Subjects:

MARC

LEADER 00000cam a2200000 a 4500
001 vtls010551159
003 SK-MaSNL
005 20260302013025.0
008 240313s2013 xo e n 000 0 slo
015 |a SNBA2013/10vtls010548913 
015 |a SNBA2013/11 
020 |a 9788097145309  |q (brož.) 
035 |a EAC5BEB2-F5D0-4AB3-9BBB-FD931FABF0FA 
035 |a urn:nbn:sk:snk-amjnz5 
035 |a urn:nbn:sk:snk-am001syf 
040 |a SNK  |b slo  |c SNK  |e AACR2 
041 0 |a slo  |b eng 
044 |a xo  |c SK 
072 7 |a 614  |x Verejné zdravie a hygiena  |2 konspekt 
080 |a 614.253.83  |2 2001 
080 |a 614.253  |2 2001 
080 |a 17  |2 2001 
080 |a (048.8)  |2 2001 
100 1 |a Rapčíková, Tatiana,  |d 1963-  |4 aut  |9 187795 
245 1 0 |a Práva pacientov v etickom a ošetrovateľskom kontexte  |b vedecká monografia  |c Tatiana Rapčíková 
250 |a 1. vyd. 
260 |a Banská Bystrica  |b Agentúra MP  |c 2013 
300 |a 95 s.  |c 21 cm 
366 |e 120 výt. 
504 |a Bibliogr.: s. 90-95 
546 |a Res. angl. 
650 0 7 |a práva pacientov  |2 SNKPH  |9 4057 
650 0 7 |a Patient rights  |2 SNKPHeng  |9 340200 
650 0 7 |a lekárska etika  |2 SNKPH  |9 794 
650 0 7 |a Medical ethics  |2 SNKPHeng  |9 270455 
650 0 7 |a etické a morálne aspekty  |2 SNKPH  |9 3843 
650 0 7 |a Ethical and moral aspects  |2 SNKPHeng  |9 357791 
655 7 |a monografie  |2 SNKPH  |9 70139 
655 7 |a Monographs  |2 SNKPHeng  |9 120675 
852 |a Štátna vedecká knižnica v Banskej Bystrici 
919 |a 978-80-971453-0-9 
958 |a NB 
958 |a MI 
999 |c 1011475  |d 1013405 
952 |a SNK  |b SNK  |y PREZ  |7 0  |p 17A1084478  |o snkSC 156364  |i snk2013/24130  |8 0  |0 0  |1 0  |4 0  |d 2013-10-08  |l 0  |r 2025-08-18 00:00:00  |w 2026-02-24 
952 |a SNK  |b SNK  |y VYP  |7 0  |p 17A1084479  |o snkSC 156364 D1  |i snk2013/24131  |8 0  |0 0  |1 0  |4 0  |d 2013-10-08  |l 0  |r 2026-02-24 12:55:29  |w 2026-02-24